Crónicas del viejo Valparaíso
Kaydedildi:
| Yazar: | |
|---|---|
| Materyal Türü: | Kitap |
| Dil: | İspanyolca |
| Baskı/Yayın Bilgisi: |
Valparaíso
Ediciones Universitarias de Valparaíso
2003
|
| Edisyon: | 2a. ed |
| Konular: | |
| Etiketler: |
Etiketle
Etiket eklenmemiş, İlk siz ekleyin!
|
MARC
| LEADER | 00000nam a2200000 a 4500 | ||
|---|---|---|---|
| 001 | UCG4841 | ||
| 003 | CL-VaPUC | ||
| 008 | 101209e20030000CL |||||||||||||||||spa|d | ||
| 020 | |a 9561703335 | ||
| 082 | 0 | 4 | |a 983 |b LED |2 21 |
| 100 | |a Le Dantec Brugger, Francisco |e author |9 554303 | ||
| 245 | 1 | 0 | |a Crónicas del viejo Valparaíso |
| 250 | |a 2a. ed | ||
| 300 | |a 374 p | ||
| 942 | |c BK | ||
| 945 | |d 20101209 00:00:00 |a cmena | ||
| 260 | |a Valparaíso |b Ediciones Universitarias de Valparaíso |c 2003 | ||
| 650 | 0 | |a Historia de Valparaíso |9 460237 | |
| 650 | 0 | |a Historia local |9 266584 | |
| 650 | 0 | |a Ciudades |9 265474 | |
| 650 | 7 | |a PATRIMONIO DE LA HUMANIDAD |2 CL-VaPUC |9 554304 | |
| 650 | 0 | |a Valparaíso histórico |9 266586 | |
| 650 | 0 | |a Antropología cultural y social |9 265143 | |
| 650 | 0 | |a Viajes |9 257115 | |
| 650 | 0 | |a Inmigración |9 268290 | |
| 650 | 0 | |a Terremotos |9 267728 | |
| 650 | 0 | |a Catástrofes naturales |9 268107 | |
| 650 | 0 | |a Iconografía |9 267998 | |
| 651 | 0 | |a Viña del Mar |9 327030 | |
| 651 | 0 | |a Valparaíso, Chile |9 261144 | |
| 583 | |a last modification |c 20101209 00:00:00 |k Rodrigo Vera | ||
| 999 | |c 343450 |d 343448 | ||
| 952 | |0 0 |1 0 |4 0 |6 983_000000000000000_LED_2003 |7 0 |8 A |9 440758 |a BIBCUR |b BIBCUR |d 2019-11-22 |i 3881946 |l 1 |o 983 LED 2003 |p 3881946 |r 2025-04-22 |s 2024-07-04 |w 2019-11-22 |y BK |k BCB | ||
| 952 | |0 0 |1 0 |4 0 |6 983_000000000000000_LED_2003 |7 0 |8 A |9 440759 |a BIBCUR |b BIBCUR |d 2019-11-22 |i 4759419 |o 983 LED 2003 |p 4759419 |r 2025-04-22 |w 2019-11-22 |y BK |k CAC | ||